| 000 | 00667nam a2200217 a 4500 | ||
|---|---|---|---|
| 001 | 000019429 | ||
| 005 | 20200929170020.0 | ||
| 008 | 100629s2009 es ac 001 0bspa d | ||
| 020 | _a9788484038603 | ||
| 040 |
_aDO-SdBNP _bspa _cBNPHU |
||
| 082 |
_a923.173 _bK351 |
||
| 245 | 0 | 0 | _aJohn F. Kennedy /. |
| 260 |
_aMadrid : _bEdimat Libros, _c2009. |
||
| 300 |
_a189 p. : _bil.,retrs. ; _c22 cm. |
||
| 490 | 1 | _aGrandes biografías | |
| 500 | _aCronología de la vida de las familias Kennedy (1820-1963) | ||
| 504 | _aIncluye bibliografías (6 -7) | ||
| 600 | 1 | 4 |
_aKENNEDY, JOHN FITZGERALD, _d1917-1963 _941703 |
| 830 | 0 |
_aGrandes biografías _911230 |
|
| 049 | _aBNPD | ||
| 999 |
_c18945 _d18945 |
||